000 00954cab a2200277 4500
001 ABS59900
008 090401t1998 xxu||||| |||| 00| 0 eng d
035 _a(Sirsi) u90961
041 _aeng
100 _aClark, R.
245 _aGreen goes mainstream
260 _c1998
350 _a0
490 _aUrban Land
_v57(12) December 1998, 36-88(8)
520 _aGreen buildings are becoming increasingly popular and the concept of sustainability is being incorporated into an increasing range of building types. Explains what makes a green building, and focuses on aspects such as the site, building massing and engineering.
650 _aDESIGN
650 _aENERGY EFFICIENCY
650 _aENGINEERING
650 _aGREEN BUILDINGS
650 _aBUILT ENVIRONMENT-BUILDING MATERIALS
650 _aSUSTAINABLE BUILDINGS
690 _aBUILT ENVIRONMENT-CONSTRUCTION DESIGN
700 _aEllis, P.
942 _n0
948 _c27/01/1999
999 _c57709
_d57709